Central Library OPAC University of Rajshahi

Remington, the science and practice of pharmacy / (Record no. 82235)

MARC details
000 -LEADER
fixed length control field 01169nam a2200361 a 4500
001 - CONTROL NUMBER
control field 82235
003 - CONTROL NUMBER IDENTIFIER
rucl marc code BD-RjUL
005 - DATE AND TIME OF LATEST TRANSACTION
control field 20231102125228.0
008 - FIXED-LENGTH DATA ELEMENTS--GENERAL INFORMATION
fixed length control field 211102s2021 enk 000 | eng d
020 ## - INTERNATIONAL STANDARD BOOK NUMBER
International Standard Book Number 9780128200070 (hbd.)
035 ## - SYSTEM CONTROL NUMBER
System control number (BD-RjUL)82235
040 ## - CATALOGING SOURCE
Original cataloging agency OBC
Language of cataloging eng
Description conventions rda
Transcribing agency BD-RjUL
041 1# - LANGUAGE CODE
Language code of text/sound track or separate title eng
082 04 - DEWEY DECIMAL CLASSIFICATION NUMBER
Edition number 23
Classification number 615.1
Author mark and year REM 2021
245 00 - TITLE STATEMENT
Title Remington, the science and practice of pharmacy /
Statement of responsibility, etc. edited by Adeboye Adejare.
246 14 - VARYING FORM OF TITLE
Title proper/short title The science and practice of pharmacy
250 ## - EDITION STATEMENT
Edition statement 23rd edition
260 ## - PUBLICATION, DISTRIBUTION, ETC. (IMPRINT)
Place of publication, distribution, etc. London :
Name of publisher, distributor, etc. Academic Press,
Date of publication, distribution, etc. 2021.
300 ## - PHYSICAL DESCRIPTION
Pagination xxix, 1000 pages :
Illustrations illustrations (some colour).
336 ## - CONTENT TYPE
Content type term text
Content type code txt
Source rdacontent
337 ## - MEDIA TYPE
Media type term unmediated
Media type code n
Source rdamedia
338 ## - CARRIER TYPE
Carrier type term volume
Carrier type code nc
Source rdacarrier
500 ## - GENERAL NOTE
General note At foot of title : Elsevier, Philadelphia College of Pharmacy
504 ## - BIBLIOGRAPHY, ETC. NOTE
Bibliography, etc Includes bibliographical references and index.
653 0# - INDEX TERM--UNCONTROLLED
Uncontrolled term Pharmacology
Uncontrolled term Pharmaceutical industry
Uncontrolled term Drugs
Uncontrolled term Bio (budgetary code)
Uncontrolled term תעשית תרופות
Uncontrolled term פרמקולוגיה
700 1# - ADDED ENTRY--PERSONAL NAME
Personal name Adejare, Adeboye
Dates associated with a name 1959-
Relator term editor
942 ## - ADDED ENTRY ELEMENTS (KOHA)
Source of classification or shelving scheme Dewey Decimal Classification
Koha item type Books
Holdings
Lost status Source of classification or shelving scheme Damaged status Not for loan Collection code Permanent Location Current Location Shelving location Date acquired Source of acquisition Cost, normal purchase price Total Checkouts Full call number Date last seen Copy number Koha item type
  Dewey Decimal Classification   Not For Loan Non-fiction Central Library, University of Rajshahi Central Library, University of Rajshahi Reading Room 15/10/2023 Dhaka : BM Book 16410.00   615.1 REM 2021 02/11/2023 C-1 Books
  Dewey Decimal Classification     Non-fiction Central Library, University of Rajshahi Central Library, University of Rajshahi General Stacks 15/10/2023 Dhaka : BM Book 16410.00   615.1 REM 2021 02/11/2023 C-2 Books